000 00283pab a2200109 454500
008 180718b xxu||||| |||| 00| 0 eng d
100 _aJha, Gangadhar
245 _aProperty tax - will area detail system work
650 _aLocal Government
773 _aFinancial Express
909 _a24136
999 _c24136
_d24136